[Event "POL-chT3 Wielkopolskie 1314"]
[Site "Poland"]
[Date "2013.10.27"]
[Round "1.30"]
[White "Szelag, Zuzanna"]
[Black "Kowara, Magdalena"]
[Result "0-1"]
[WhiteElo "1516"]
[BlackElo "1877"]
[PlyCount "74"]
[EventDate "2013.10.27"]
[EventType "team-tourn"]
[EventRounds "11"]
[EventCountry "POL"]
[SourceTitle "EXT 2015"]
[Source "ChessBase"]
[SourceDate "2014.11.20"]
[SourceVersion "1"]
[SourceVersionDate "2014.11.20"]
[SourceQuality "1"]
[WhiteTeam "Gniezno LKS Chrobry II"]
[BlackTeam "Trzcianka MKS przy MDK"]
[WhiteTeamCountry "POL"]
[BlackTeamCountry "POL"]

1. e4 c5 2. Nf3 e6 3. d4 cxd4 4. Nxd4 a6 5. Nc3 Qc7 6. Bd3 Nf6 7. 0-0 b5 8. a3 Bb7 9. Be3 Bc5 10. Qe2 Qb6 11. Nb3 Bxe3 12. fxe3 Nc6 13. Rad1 0-0 14. Kh1 Ne5 15. Nd4 Rac8 16. Qf2 Qc7 17. Qh4 Ng6 18. Qh3 Qc5 19. Nde2 Qe5 20. Ng3 h6 21. Rf2 Qg5 22. Rdf1 Ng4 23. Rf3 Nxe3 24. Re1 Nc4 25. Bxc4 Rxc4 26. Qh5 Qd2 27. Rd1 Qxc2 28. Rxd7 Qxb2 29. Nd1 Qb1 30. Rxb7 Qxd1+ 31. Rf1 Qxh5 32. Nxh5 Rxe4 33. Ra7 Ra4 34. Rf3 b4 35. h3 bxa3 36. Rf1 a2 37. Ra1 Rb8 0-1

[Event "POL-chT 3rd League Wielkopolska 12/13"]
[Site "Poznan"]
[Date "2013.03.10"]
[Round "10.12"]
[White "Sobierska, Wioletta"]
[Black "Kowara, Magdalena"]
[Result "1-0"]
[WhiteElo "2000"]
[BlackElo "1884"]
[PlyCount "63"]
[EventDate "2012.11.25"]
[EventType "team-tourn"]
[EventRounds "11"]
[EventCountry "POL"]
[SourceTitle "EXT 2014"]
[Source "ChessBase"]
[SourceDate "2013.11.20"]
[SourceVersion "1"]
[SourceVersionDate "2013.11.20"]
[SourceQuality "1"]
[WhiteTeam "Jarocin JKSW"]
[BlackTeam "Trzcianka MKS przy MDK"]
[WhiteTeamCountry "POL"]
[BlackTeamCountry "POL"]

1. e4 c5 2. Nf3 e6 3. d4 cxd4 4. Nxd4 a6 5. c4 Nf6 6. Nc3 Bb4 7. Bd3 Qc7 8. 0-0 Nc6 9. Nxc6 bxc6 10. f4 e5 11. fxe5 Qxe5 12. Bf4 Qc5+ 13. Kh1 d6 14. Na4 Qd4 15. a3 Ba5 16. b4 Bc7 17. Qf3 0-0 18. c5 Ng4 19. Rad1 Ne5 20. Qg3 dxc5 21. Bb1 Qa1 22. Bc2 Qa2 23. Bb3 Qe2 24. Bxe5 Bxe5 25. Qxe5 cxb4 26. Rxf7 Qxd1+ 27. Bxd1 Kxf7 28. Bb3+ Kg6 29. h4 h6 30. Nb6 Ra7 31. Nxc8 Rxc8 32. Qe6+ 1-0

[Event "POL-chT 3rd League Wielkopolska 12/13"]
[Site "Poznan"]
[Date "2013.01.06"]
[Round "4.24"]
[White "Kowara, Magdalena"]
[Black "Szelag, Zuzanna"]
[Result "1-0"]
[WhiteElo "1884"]
[BlackElo "1374"]
[PlyCount "63"]
[EventDate "2012.11.25"]
[EventType "team-tourn"]
[EventRounds "11"]
[EventCountry "POL"]
[SourceTitle "EXT 2014"]
[Source "ChessBase"]
[SourceDate "2013.11.20"]
[SourceVersion "1"]
[SourceVersionDate "2013.11.20"]
[SourceQuality "1"]
[WhiteTeam "Trzcianka MKS przy MDK"]
[BlackTeam "Gniezno LKS Chrobry II"]
[WhiteTeamCountry "POL"]
[BlackTeamCountry "POL"]

1. e4 e5 2. Nf3 Nc6 3. Bb5 a6 4. Ba4 Nf6 5. 0-0 b5 6. Bb3 d6 7. c3 Be7 8. h3 0-0 9. Re1 Bb7 10. d4 Re8 11. Bg5 Nxe4 12. Bxe7 Nxe7 13. dxe5 d5 14. Nbd2 Ng6 15. Nxe4 dxe4 16. e6 fxe6 17. Qxd8 Raxd8 18. Ng5 Bd5 19. Nxe4 a5 20. Ng5 e5 21. Rad1 Bxb3 22. axb3 Rd6 23. Ne4 Rde6 24. Ra1 Ra8 25. Red1 Re7 26. Rd5 c6 27. Rd6 Ra6 28. Nc5 Rb6 29. Rxa5 Nf4 30. Ra8+ Kf7 31. Nd7 Rb7 32. Rf8# 1-0

[Event "Warsaw Najdorf Memorial op-B"]
[Site "Warsaw"]
[Date "2011.07.21"]
[Round "9"]
[White "Kowara, Magdalena"]
[Black "Szewczyk, Mariusz"]
[Result "1-0"]
[WhiteElo "1876"]
[BlackElo "1804"]
[PlyCount "67"]
[EventDate "2011.07.14"]
[EventType "swiss"]
[EventRounds "9"]
[EventCountry "POL"]
[SourceTitle "EXT 2012"]
[Source "ChessBase"]
[SourceDate "2011.11.24"]
[SourceVersion "1"]
[SourceVersionDate "2011.11.24"]
[SourceQuality "1"]

1. e4 e5 2. Nf3 Nf6 3. Nxe5 d6 4. Nf3 Nxe4 5. h3 d5 6. d4 Bd6 7. Bd3 Bf5 8. Be3 Nd7 9. Nbd2 Ndf6 10. Qe2 Qe7 11. 0-0-0 0-0 12. Nh4 Be6 13. Nhf3 c5 14. dxc5 Nxc5 15. Ng5 Na4 16. Bd4 h6 17. Nxe6 fxe6 18. Rhe1 Bc5 19. Nb3 Bxd4 20. Nxd4 Ne4 21. Bxe4 dxe4 22. Qxe4 Rxf2 23. Nxe6 Nc5 24. Qe3 Rf5 25. g4 Qxe6 26. Qxe6+ Nxe6 27. gxf5 Nf4 28. Re7 Rf8 29. Rdd7 Rxf5 30. Rxg7+ Kf8 31. Rh7 Kg8 32. Rxh6 Nd5 33. Rxb7 Nf6 34. b3 1-0

[Event "Warsaw Najdorf Memorial op-B"]
[Site "Warsaw"]
[Date "2011.07.20"]
[Round "7"]
[White "Kowara, Magdalena"]
[Black "Pekacki, Stanislaw"]
[Result "1-0"]
[WhiteElo "1876"]
[BlackElo "1927"]
[PlyCount "103"]
[EventDate "2011.07.14"]
[EventType "swiss"]
[EventRounds "9"]
[EventCountry "POL"]
[SourceTitle "EXT 2012"]
[Source "ChessBase"]
[SourceDate "2011.11.24"]
[SourceVersion "1"]
[SourceVersionDate "2011.11.24"]
[SourceQuality "1"]

1. e4 c5 2. Nf3 Nc6 3. Bb5 Qb6 4. Nc3 e6 5. Bxc6 dxc6 6. e5 Ne7 7. Ne4 Ng6 8. b3 Qb4 9. Nc3 Qg4 10. Rg1 Be7 11. Ne2 Nh4 12. Nxh4 Qxh4 13. h3 f6 14. Bb2 0-0 15. Ng3 Bd7 16. Qe2 fxe5 17. 0-0-0 a5 18. Qxe5 Bf6 19. Qxc5 a4 20. Bxf6 Qxf6 21. Qc3 axb3 22. Qxf6 Rxf6 23. axb3 Rxf2 24. Kb2 b6 25. Ne4 Rf4 26. Rde1 c5 27. Ng5 Re8 28. Re2 e5 29. Rge1 h6 30. Ne4 Re6 31. d3 Bc6 32. Nd2 Ref6 33. Nc4 e4 34. dxe4 b5 35. Ne5 Be8 36. Nd3 Rf1 37. Rxf1 Rxf1 38. Nxc5 Kf7 39. Kc3 Kf6 40. Kd4 Rd1+ 41. Nd3 Ke6 42. g4 g5 43. Re3 Rd2 44. Kc3 Rd1 45. Kb4 Rd2 46. c3 Rd1 47. Kc5 Rb1 48. b4 Rb3 49. Kd4 Ra3 50. Nc5+ Kd6 51. Rf3 h5 52. Rf5 1-0

[Event "Warsaw Najdorf Memorial op-B"]
[Site "Warsaw"]
[Date "2011.07.18"]
[Round "5"]
[White "Kowara, Magdalena"]
[Black "Zochowski, Kacper"]
[Result "0-1"]
[WhiteElo "1876"]
[BlackElo "1954"]
[PlyCount "44"]
[EventDate "2011.07.14"]
[EventType "swiss"]
[EventRounds "9"]
[EventCountry "POL"]
[SourceTitle "EXT 2012"]
[Source "ChessBase"]
[SourceDate "2011.11.24"]
[SourceVersion "1"]
[SourceVersionDate "2011.11.24"]
[SourceQuality "1"]

1. e4 c5 2. Nf3 d6 3. d4 cxd4 4. Nxd4 Nf6 5. Nc3 a6 6. f4 e6 7. Be3 b5 8. a3 Bb7 9. Bd3 Nbd7 10. Nb3 Nc5 11. Nxc5 dxc5 12. Nxb5 axb5 13. Bxb5+ Nd7 14. Qd3 Qc7 15. 0-0 Be7 16. Rfd1 Rd8 17. a4 Bc6 18. Qc3 0-0 19. Bxc6 Qxc6 20. e5 Nb6 21. a5 Nd5 22. Qb3 c4 0-1

[Event "Warsaw Najdorf Memorial op-B"]
[Site "Warsaw"]
[Date "2010.07.22"]
[Round "7"]
[White "Skwarczylo, Marek"]
[Black "Kowara, Magdalena"]
[Result "0-1"]
[WhiteElo "1964"]
[BlackElo "1833"]
[PlyCount "94"]
[EventDate "2010.07.17"]
[EventType "swiss"]
[EventRounds "9"]
[EventCountry "POL"]
[SourceTitle "CBM 137 Extra"]
[Source "ChessBase"]
[SourceDate "2010.09.01"]
[SourceVersion "1"]
[SourceVersionDate "2010.09.01"]
[SourceQuality "1"]

1. d4 d5 2. Nf3 Nf6 3. c4 e6 4. Nc3 Nbd7 5. e3 c6 6. Qc2 Be7 7. cxd5 exd5 8. Bd3 0-0 9. 0-0 Re8 10. Rb1 a5 11. a3 c5 12. Bb5 Qc7 13. dxc5 Qxc5 14. Qd3 Rd8 15. b3 Qc7 16. Bb2 Nc5 17. Qd1 Bg4 18. Be2 Qb6 19. Nb5 Ne6 20. Rc1 Rac8 21. Rxc8 Rxc8 22. Bxf6 Bxf6 23. Qxd5 Rc5 24. Qd3 Bf5 25. Qd2 Rxb5 26. Bxb5 Qxb5 27. b4 axb4 28. axb4 h6 29. Nd4 Nxd4 30. exd4 Be7 31. d5 Qxb4 32. Qe3 Bg6 33. Kh1 Bc5 34. Qe8+ Kh7 35. f3 Qc4 36. Rd1 Bd6 37. Qe3 Bc2 38. Qd4 Qxd4 39. Rxd4 Kg6 40. Rd2 Ba4 41. Rb2 b5 42. Kg1 Kf5 43. Kf2 Ke5 44. Rd2 b4 45. Ke3 Bc5+ 46. Ke2 Bb3 47. f4+ Kd6 0-1

[Event "Warsaw Najdorf Memorial op-B"]
[Site "Warsaw"]
[Date "2010.07.20"]
[Round "4"]
[White "Kowara, Magdalena"]
[Black "Mietek, Lukasz"]
[Result "1-0"]
[WhiteElo "1833"]
[BlackElo "1939"]
[PlyCount "79"]
[EventDate "2010.07.17"]
[EventType "swiss"]
[EventRounds "9"]
[EventCountry "POL"]
[SourceTitle "CBM 137 Extra"]
[Source "ChessBase"]
[SourceDate "2010.09.01"]
[SourceVersion "1"]
[SourceVersionDate "2010.09.01"]
[SourceQuality "1"]

1. e4 d6 2. d4 Nf6 3. Nc3 g6 4. Nf3 Bg7 5. h3 Nbd7 6. Be3 c5 7. e5 Ng8 8. e6 fxe6 9. Ng5 Ndf6 10. Bb5+ Kf8 11. dxc5 d5 12. Bd4 h6 13. Nf3 Nd7 14. Nh4 Kf7 15. Bxg7 Kxg7 16. 0-0 Ngf6 17. Qd3 Nf8 18. Qg3 Bd7 19. Bd3 Be8 20. Nb5 Rc8 21. b4 a6 22. Nd4 Qd7 23. Rfe1 Bf7 24. Nhf3 Rg8 25. Ne5 Qe8 26. c6 bxc6 27. Bxa6 Ne4 28. Qe3 Rc7 29. Bd3 Nd6 30. a4 Nh7 31. Nxf7 Kxf7 32. Qxe6+ Kg7 33. Qe5+ Kf7 34. b5 cxb5 35. Qxd5+ Kg7 36. Ne6+ Kh8 37. Nxc7 Qf8 38. axb5 Nf6 39. Qe5 Nc8 40. Bc4 1-0

[Event "POL-chT U19 41st"]
[Site "Ustron"]
[Date "2010.07.10"]
[Round "5"]
[White "Kowara, Magdalena"]
[Black "Kulon, Klaudia"]
[Result "1-0"]
[WhiteElo "1833"]
[BlackElo "2230"]
[PlyCount "97"]
[EventDate "2010.07.06"]
[EventType "team-tourn"]
[EventRounds "9"]
[EventCountry "POL"]
[SourceTitle "EXT 2019"]
[Source "ChessBase"]
[SourceDate "2018.10.10"]
[SourceVersion "1"]
[SourceVersionDate "2018.10.10"]
[SourceQuality "1"]
[WhiteTeam "Skierniewice KS Piatka U19"]
[BlackTeam "Koszalin Hetman Politechnika U19"]
[WhiteTeamCountry "POL"]
[BlackTeamCountry "POL"]

1. b3 e5 2. Bb2 d6 3. e3 Be6 4. d4 exd4 5. Bxd4 Nc6 6. Bb2 Nf6 7. Nf3 h6 8. Bb5 a6 9. Bxc6+ bxc6 10. Nd4 Bg4 11. f3 Bd7 12. 0-0 g6 13. Nd2 Bg7 14. Ne2 0-0 15. Ng3 h5 16. Re1 h4 17. Nge4 Nh5 18. Bxg7 Kxg7 19. Nf2 Re8 20. Nde4 c5 21. Qd2 f5 22. Nc3 Bc6 23. Rad1 Nf6 24. Nd3 Nh5 25. e4 Qf6 26. Nf2 fxe4 27. Nfxe4 Qf4 28. Qd3 Re5 29. Ne2 Qf7 30. Qc3 Rae8 31. Nc1 Bxe4 32. Rxe4 Kh7 33. Rxe5 Rxe5 34. Re1 Rxe1+ 35. Qxe1 h3 36. Qh4 hxg2 37. Kxg2 Qe6 38. Qe4 Qf6 39. Nd3 Qg5+ 40. Kf1 d5 41. Qe6 c4 42. bxc4 dxc4 43. Qxc4 Qf6 44. Qxc7+ Kh6 45. Ne5 Kg5 46. Qc5 Kf4 47. Qd4+ Kf5 48. Qe4+ Ke6 49. Ng4+ 1-0

[Event "POL-chT U19 41st"]
[Site "Ustron"]
[Date "2010.07.09"]
[Round "4"]
[White "Labedz, Patrycja"]
[Black "Kowara, Magdalena"]
[Result "1-0"]
[WhiteElo "2076"]
[BlackElo "1833"]
[PlyCount "81"]
[EventDate "2010.07.06"]
[EventType "team-tourn"]
[EventRounds "9"]
[EventCountry "POL"]
[SourceTitle "EXT 2019"]
[Source "ChessBase"]
[SourceDate "2018.10.10"]
[SourceVersion "1"]
[SourceVersionDate "2018.10.10"]
[SourceQuality "1"]
[WhiteTeam "Jaworzno JKSz MCKiS U19"]
[BlackTeam "Skierniewice KS Piatka U19"]
[WhiteTeamCountry "POL"]
[BlackTeamCountry "POL"]

1. e4 e5 2. Nf3 Nc6 3. Bc4 Bc5 4. c3 Nf6 5. d3 0-0 6. Bb3 d6 7. h3 h6 8. Nbd2 a6 9. Nf1 Ba7 10. Ng3 Na5 11. Bc2 c5 12. 0-0 b5 13. Be3 Bb7 14. Qd2 Nh7 15. Nf5 Re8 16. Nh2 d5 17. f4 dxe4 18. fxe5 exd3 19. Bxd3 Rxe5 20. Ng4 Rxf5 21. Rxf5 Bc8 22. Rd5 Qe7 23. Re1 Be6 24. Bf2 Ng5 25. Bf5 Nc4 26. Qe2 Nd6 27. Bxe6 fxe6 28. Red1 Nge4 29. Re5 Nxf2 30. Nxf2 c4 31. Rxe6 Bxf2+ 32. Kxf2 Rf8+ 33. Kg1 Qa7+ 34. Qe3 Rf6 35. Re1 Qxe3+ 36. R6xe3 Nf5 37. Rf3 Kf7 38. g4 Nd6 39. Rxf6+ Kxf6 40. Kf2 Nf7 41. Re8 1-0

[Event "POL-chT U19 41st"]
[Site "Ustron"]
[Date "2010.07.08"]
[Round "3"]
[White "Kowara, Magdalena"]
[Black "Mucha, Magdalena"]
[Result "1-0"]
[WhiteElo "1833"]
[BlackElo "1875"]
[PlyCount "95"]
[EventDate "2010.07.06"]
[EventType "team-tourn"]
[EventRounds "9"]
[EventCountry "POL"]
[SourceTitle "EXT 2019"]
[Source "ChessBase"]
[SourceDate "2018.10.10"]
[SourceVersion "1"]
[SourceVersionDate "2018.10.10"]
[SourceQuality "1"]
[WhiteTeam "Skierniewice KS Piatka U19"]
[BlackTeam "Trzebinia UKS Hetman Koronny U19"]
[WhiteTeamCountry "POL"]
[BlackTeamCountry "POL"]

1. e4 c5 2. Nf3 Nc6 3. Bb5 g6 4. Bxc6 dxc6 5. d3 Bg7 6. Nc3 e5 7. Be3 Qe7 8. h3 Nf6 9. Qd2 0-0 10. Bh6 Bxh6 11. Qxh6 Ne8 12. 0-0-0 f6 13. Nh4 Nc7 14. g3 b5 15. f4 Qg7 16. Qxg7+ Kxg7 17. f5 g5 18. Nf3 Bb7 19. Ne2 h5 20. g4 h4 21. Nd2 Na6 22. Nb3 Rad8 23. Rhe1 Ra8 24. Rh1 Rad8 25. Rhe1 Rd7 26. c3 Re8 27. Ng1 Red8 28. Kc2 Kf7 29. Nf3 Re7 30. a3 Ba8 31. Rd2 Kg8 32. Kc1 Kf7 33. d4 exd4 34. cxd4 cxd4 35. Nfxd4 Nc7 36. Nf3 Rxd2 37. Kxd2 Na6 38. Nfd4 Re5 39. Kd3 Nc7 40. Rc1 c5 41. Nxc5 Re7 42. Nde6 Nxe6 43. Nxe6 Rd7+ 44. Ke3 Bb7 45. Rc7 Rxc7 46. Nxc7 a6 47. Kd4 Ke7 48. Nd5+ 1-0

[Event "Karpacz op"]
[Site "Karpacz"]
[Date "2010.02.23"]
[Round "3"]
[White "Wolniaczyk, Daria"]
[Black "Kowara, Magdalena"]
[Result "0-1"]
[WhiteElo "1577"]
[BlackElo "1810"]
[PlyCount "124"]
[EventDate "2010.02.21"]
[EventType "swiss"]
[EventRounds "9"]
[EventCountry "POL"]
[SourceTitle "CBM 135 Extra"]
[Source "ChessBase"]
[SourceDate "2010.05.04"]
[SourceVersion "1"]
[SourceVersionDate "2010.05.04"]
[SourceQuality "1"]

1. d4 d5 2. c4 e6 3. Nc3 Nf6 4. cxd5 exd5 5. Bg5 Be7 6. e3 0-0 7. Bd3 Nbd7 8. Nf3 Re8 9. 0-0 Nf8 10. Qc2 g6 11. Rac1 c6 12. Ne5 Ne6 13. Bh4 Ng7 14. f4 Bf5 15. Rce1 Rc8 16. a3 c5 17. dxc5 Rxc5 18. Bf2 Bd6 19. Nf3 Ng4 20. Nd4 Bxd3 21. Qxd3 Nh5 22. Nb3 Rc8 23. Qxd5 Nxf2 24. Rxf2 Nxf4 25. Qd2 Nh5 26. Rfe2 Qc7 27. g3 Be5 28. Nb5 Qb6 29. N5d4 Nf6 30. Qd3 Rcd8 31. Qc2 Nd5 32. Nf3 Bf6 33. Kf2 Bg7 34. h4 Nf6 35. Kg2 Ne4 36. Ng5 Nxg5 37. hxg5 Rc8 38. Qd3 Red8 39. Nd4 Qd6 40. b4 Qd5+ 41. Kh2 Qxg5 42. Qe4 Re8 43. Qxb7 Bxd4 44. exd4 Rxe2+ 45. Rxe2 Qh5+ 46. Kg1 Rc1+ 47. Kf2 Qh2+ 48. Qg2 Qxg2+ 49. Kxg2 Rc3 50. Re8+ Kg7 51. a4 Rc4 52. Ra8 Rxb4 53. Rxa7 Rxd4 54. a5 Ra4 55. a6 h5 56. Ra8 Kf6 57. a7 Kf5 58. Kh3 Ra2 59. g4+ hxg4+ 60. Kg3 Ra3+ 61. Kg2 Kf4 62. Rb8 Rxa7 0-1

[Event "Polanica Zdroj op-B 45th"]
[Site "Polanica Zdroj"]
[Date "2009.08.19"]
[Round "2"]
[White "Kowara, Magdalena"]
[Black "Zysko, Teresa"]
[Result "1-0"]
[WhiteElo "1826"]
[BlackElo "1699"]
[PlyCount "65"]
[EventDate "2009.08.18"]
[EventType "swiss"]
[EventRounds "10"]
[EventCountry "POL"]
[SourceTitle "CBM 131 Extra"]
[Source "ChessBase"]
[SourceDate "2009.09.03"]
[SourceVersion "2"]
[SourceVersionDate "2009.09.16"]
[SourceQuality "1"]

1. e4 c5 2. Nf3 e6 3. d4 cxd4 4. Nxd4 a6 5. Bd3 Qc7 6. Qe2 Nc6 7. Nb3 Nf6 8. f4 d5 9. e5 Nd7 10. Be3 b5 11. a4 b4 12. a5 Be7 13. 0-0 0-0 14. N1d2 g6 15. c4 dxc4 16. Nxc4 Bb7 17. Nb6 Nxb6 18. axb6 Qc8 19. Rfc1 Rd8 20. Rc2 Qd7 21. Be4 Kg7 22. Bc5 Bxc5+ 23. Nxc5 Nd4 24. Qc4 Nxc2 25. Nxd7 Nxa1 26. Bxb7 Rxd7 27. Bxa8 Rd1+ 28. Kf2 Rd2+ 29. Ke1 Rxb2 30. Qc1 Ra2 31. b7 b3 32. b8Q Nc2+ 33. Kd1 1-0

[Event "POL-chT U19 40th"]
[Site "Chotowa"]
[Date "2009.07.??"]
[Round "6"]
[White "Iwanow, Anna"]
[Black "Kowara, Magdalena"]
[Result "1-0"]
[WhiteElo "2022"]
[BlackElo "1826"]
[PlyCount "55"]
[EventDate "2009.07.06"]
[EventType "team-tourn"]
[EventRounds "9"]
[EventCountry "POL"]
[SourceTitle "EXT 2012"]
[Source "ChessBase"]
[SourceDate "2011.11.24"]
[SourceVersion "1"]
[SourceVersionDate "2011.11.24"]
[SourceQuality "1"]
[WhiteTeam "Wroclaw KS Polonia U19"]
[BlackTeam "Skierniewice KS Piatka U19"]
[WhiteTeamCountry "POL"]
[BlackTeamCountry "POL"]

1. e4 c5 2. Nf3 e6 3. d4 cxd4 4. Nxd4 a6 5. Bd3 Bc5 6. Nb3 Be7 7. Be3 d6 8. N1d2 Nf6 9. f4 Qc7 10. Qe2 Nc6 11. c3 b5 12. 0-0 0-0 13. a4 b4 14. Rac1 Qd7 15. Nc4 Bd8 16. Rfd1 bxc3 17. Rxc3 Nb4 18. Bb1 d5 19. e5 Ne8 20. Bc5 Qxa4 21. Bxh7+ Kxh7 22. Qh5+ Kg8 23. Rh3 f6 24. Qh8+ Kf7 25. Qxf8+ Kg6 26. Rg3+ Kf5 27. Ne3+ Kxf4 28. Rg4+ 1-0

[Event "POL-chT U19 40th"]
[Site "Chotowa"]
[Date "2009.07.??"]
[Round "2"]
[White "Krupa, Anna"]
[Black "Kowara, Magdalena"]
[Result "0-1"]
[WhiteElo "1807"]
[BlackElo "1826"]
[PlyCount "64"]
[EventDate "2009.07.06"]
[EventType "team-tourn"]
[EventRounds "9"]
[EventCountry "POL"]
[SourceTitle "EXT 2012"]
[Source "ChessBase"]
[SourceDate "2011.11.24"]
[SourceVersion "1"]
[SourceVersionDate "2011.11.24"]
[SourceQuality "1"]
[WhiteTeam "Rybnik MKSz U19"]
[BlackTeam "Skierniewice KS Piatka U19"]
[WhiteTeamCountry "POL"]
[BlackTeamCountry "POL"]

1. d4 d5 2. Bf4 e6 3. e3 Nf6 4. Bd3 c5 5. c3 b6 6. Nd2 Nc6 7. Ngf3 Be7 8. Qe2 c4 9. Bc2 b5 10. Ne5 Bd7 11. 0-0 0-0 12. Bg3 b4 13. e4 Re8 14. f4 Qa5 15. Qf3 bxc3 16. bxc3 Nxd4 17. cxd4 Qxd2 18. Nxd7 Nxd7 19. Ba4 dxe4 20. Qxe4 Nf6 21. Qb7 Rab8 22. Qf3 Red8 23. Rfd1 Qa5 24. Bc6 Rb6 25. Be1 Qa3 26. Rac1 Qa6 27. Be4 Ba3 28. Rc2 Bb2 29. d5 e5 30. fxe5 Bxe5 31. Bh4 Re8 32. h3 Nxe4 0-1